| 000 -ლიდერი |
| ფიქსირებული სიგრძის საკონტროლო ველი |
01268nam a2200241Ia 4500 |
| 001 - საკონტროლო ნომერი |
| საკონტროლო ველი |
2304 |
| 003 - საკონტროლო ნომრის იდენტიფიკატორი |
| საკონტროლო ველი |
GE_BSU |
| 005 - ბოლო ოპერაციის თარიღი და დრო |
| საკონტროლო ველი |
20190528133010.0 |
| 008 - ფიქსირებული სიგრძის მონაცემთა ელემენტები - ზოგადი ინფორმაცია |
| ფიქსირებული სიგრძის საკონტროლო ველი |
181216s2011||||ge |||||||||||||| ||geo|| |
| 040 ## - კატალოგიზაციის წყარო |
| Transcribing agency |
GE_BSU |
| 041 ## - ენის კოდი |
| Language code of text/sound track or separate title |
geo |
| 080 ## - უნივერსალური ათობითი კლასიფიკაციის ინდექსი |
| Universal Decimal Classification number |
94(479.223) დ–24 |
| 100 ## - მთავარი ჩანაწერი - პიროვნების სახელი |
| Personal name |
დაკიშევიჩი, ნ. |
| 9 (RLIN) |
1697 |
| 245 ## - ცნობა სათაურის შესახებ |
| Statement of responsibility, etc |
ნ.მ. დაკიშევიჩი ; თარგმნა, წინასიტყვ., შენიშვნ. და საძიებლები დაურთო რამაზ სურმანიძემ ; რედ. ოთარ გოგოლიშვილი. |
| Title |
ბათუმი / |
| 264 ## - წარმოების, გამოცემის, დისტრიბუციის და სხვა ცნობები |
| გამოცემის, წარმოების, დისტრიბუციის... ადგილი |
თბილისი : |
| გამოცემის, წარმოების, დისტრიბუციის... სახელწოდება |
ინოვაცია, |
| გამოცემის, წარმოების, დისტრიბუციის... თარიღი |
2011. |
| 300 ## - ფიზიკური აღწერა |
| Extent |
69 გვ.: |
| Other physical details |
ილ. |
| Dimensions |
20სმ. |
| 440 ## - სერიის ცნობა / დამატებულია ჩანაწერი - სათაური |
| Title |
სერია აჭარა უცხოელთა თვალით |
| 9 (RLIN) |
1698 |
| 504 ## - BIBLIOGRAPHY, ETC. NOTE |
| Bibliography, etc |
საძიებლები: გვ. 55-66. - ბიბლიოგრ. ტექსტ. შენიშვნ. |
| 653 ## - INDEX TERM--UNCONTROLLED |
| Uncontrolled term |
ბათუმის ისტორია |
| 700 ## - ADDED ENTRY--PERSONAL NAME |
| Personal name |
სურმანიძე, რამაზ |
| Relator term |
მთარგმნელი |
| 9 (RLIN) |
1529 |
| 700 ## - ADDED ENTRY--PERSONAL NAME |
| Personal name |
გოგოლიშვილი, ოთარ |
| Relator term |
რედაქტორი |
| 9 (RLIN) |
930 |
| 942 ## - ADDED ENTRY ELEMENTS (KOHA) |
| Koha item type |
წიგნი |
| Source of classification or shelving scheme |
|